1562 1625 1842 1340 1470 1566 1378 1864 1199 1561 1741 1570 1285 1826 1325 1250 1868 1249 1804 1816 1204 1896 1627 1043 1839 1155 1392 1888 1734 1309 1719 1946 1436 1295 1785 1512 1492 1572 1167 1946 1220 1585 1826 1289 1184 1618 1159 1489 1758 1835 1896 1531 1755 1506 1719 1929 1552 1552 1987 1937 1440 1074 1116 1195 1348 1416 1376 1631 1050 1053 1588 1710 1496 1518 1102 1653 1008 1142 1291 2000 1367 1883 1363 1875 1650 1184 1911 1378 1154 1889 1350 1799 1269 1484 1278 1199 1900 1389 1595 BCNSPRNW ULIB Ver.6.0+V

เปลี่ยนเป็นภาษาไทย

Change to English
 แสดงรายละเอียดบรรณานุกรม
  กลับหน้าหลัก

Brief Record : Get Marc (ISO 2709) : E-mail record : QR code < ปิดหน้าต่าง
LEADER : 00000nam 2200000uu 4500
001    13399112065
003     ULIB
008    110627s2552||||th 000 0 tha d
020    9786117002014
090    นว.^bช245ม 2552
100 0  ชลาลัย
245 00 เมียนอกหัวใจ/^cชลาลัย
250    พิมพ์ครั้งที่ 1
260    กรุงเทพฯ :^bSugar Beat,^c2552
300    336 หน้า
710 1  Sugar Beat
945    ^p220^l0^i026023
995    ทศพร
999 ^a ใช้งานได้ทุกระบบ
รายการนี้ยังไม่มีแท็ก
คุณยังไม่ได้ล็อกอิน คุณสามารถมีกิจกรรมร่วมกับเว็บไซต์ได้ แต่ต้องล็อกอินก่อน ::
  ล็อกอิน

รายการสื่อสารสนเทศ

ลำดับที่ ประเภท เลขเรียก/บาร์โค้ด สถานที่ สถานะ
- ไม่พบข้อมูล -

รายการใกล้เคียง
    ผู้แต่ง [ชลาลัย]

BibComment


ยังไม่เคยถูกคอมเมนท์

คอมเมนท์ทรัพยากรรายการนี้
  คอมเมนท์: เมียนอกหัวใจ ชลาลัย


 Copyright 2026. Bcnsprnw @Library